<?xml version="1.0" encoding="UTF-8"?>
<record
    xmlns:xsi="http://www.w3.org/2001/XMLSchema-instance"
    xsi:schemaLocation="http://www.loc.gov/MARC21/slim http://www.loc.gov/standards/marcxml/schema/MARC21slim.xsd"
    xmlns="http://www.loc.gov/MARC21/slim">

  <leader>01777nam a22003257a 4500</leader>
  <datafield tag="952" ind1=" " ind2=" ">
    <subfield code="0">0</subfield>
    <subfield code="1">0</subfield>
    <subfield code="4">0</subfield>
    <subfield code="7">0</subfield>
    <subfield code="a">04</subfield>
    <subfield code="b">04</subfield>
    <subfield code="d">2016-04-04</subfield>
    <subfield code="l">8</subfield>
    <subfield code="o">HD60 S55 2013</subfield>
    <subfield code="p">04 006097</subfield>
    <subfield code="r">2019-11-23</subfield>
    <subfield code="s">2019-11-19</subfield>
    <subfield code="t">1</subfield>
    <subfield code="w">2016-04-04</subfield>
    <subfield code="y">LB</subfield>
  </datafield>
  <datafield tag="952" ind1=" " ind2=" ">
    <subfield code="0">0</subfield>
    <subfield code="1">0</subfield>
    <subfield code="4">0</subfield>
    <subfield code="7">0</subfield>
    <subfield code="a">01</subfield>
    <subfield code="b">01</subfield>
    <subfield code="d">2016-08-25</subfield>
    <subfield code="l">0</subfield>
    <subfield code="o">658.401 S37e</subfield>
    <subfield code="p">01 013847</subfield>
    <subfield code="r">2016-08-25</subfield>
    <subfield code="t">1</subfield>
    <subfield code="w">2016-08-25</subfield>
    <subfield code="y">LB</subfield>
  </datafield>
  <datafield tag="952" ind1=" " ind2=" ">
    <subfield code="0">0</subfield>
    <subfield code="1">0</subfield>
    <subfield code="4">0</subfield>
    <subfield code="7">0</subfield>
    <subfield code="a">20</subfield>
    <subfield code="b">20</subfield>
    <subfield code="d">2016-11-24</subfield>
    <subfield code="l">0</subfield>
    <subfield code="o">HD60 S55 2013</subfield>
    <subfield code="p">20 003504</subfield>
    <subfield code="r">2016-11-24</subfield>
    <subfield code="t">1</subfield>
    <subfield code="w">2016-11-24</subfield>
    <subfield code="y">LB</subfield>
  </datafield>
  <datafield tag="952" ind1=" " ind2=" ">
    <subfield code="0">0</subfield>
    <subfield code="1">0</subfield>
    <subfield code="4">0</subfield>
    <subfield code="7">0</subfield>
    <subfield code="a">22</subfield>
    <subfield code="b">22</subfield>
    <subfield code="d">2017-01-18</subfield>
    <subfield code="l">0</subfield>
    <subfield code="o">HD60 S55 2013</subfield>
    <subfield code="p">17 002450</subfield>
    <subfield code="r">2017-01-18</subfield>
    <subfield code="t">1</subfield>
    <subfield code="w">2017-01-18</subfield>
    <subfield code="y">LB</subfield>
  </datafield>
  <datafield tag="952" ind1=" " ind2=" ">
    <subfield code="0">0</subfield>
    <subfield code="1">0</subfield>
    <subfield code="4">0</subfield>
    <subfield code="7">0</subfield>
    <subfield code="a">09</subfield>
    <subfield code="b">09</subfield>
    <subfield code="d">2018-10-01</subfield>
    <subfield code="l">0</subfield>
    <subfield code="o">HD60 S55 2013</subfield>
    <subfield code="p">09 005079</subfield>
    <subfield code="r">2018-10-01</subfield>
    <subfield code="t">1</subfield>
    <subfield code="w">2018-10-01</subfield>
    <subfield code="y">LB</subfield>
  </datafield>
  <datafield tag="952" ind1=" " ind2=" ">
    <subfield code="0">0</subfield>
    <subfield code="1">0</subfield>
    <subfield code="4">0</subfield>
    <subfield code="7">0</subfield>
    <subfield code="a">18</subfield>
    <subfield code="b">18</subfield>
    <subfield code="d">2018-10-01</subfield>
    <subfield code="l">1</subfield>
    <subfield code="o">HD60  S55 2013</subfield>
    <subfield code="p">18 003388</subfield>
    <subfield code="r">2024-07-03</subfield>
    <subfield code="s">2019-01-29</subfield>
    <subfield code="t">1</subfield>
    <subfield code="w">2018-10-01</subfield>
    <subfield code="y">LB</subfield>
  </datafield>
  <datafield tag="999" ind1=" " ind2=" ">
    <subfield code="c">99200</subfield>
    <subfield code="d">99200</subfield>
  </datafield>
  <controlfield tag="008">160404s2013    mx ||||| |||| 001 0 spa d</controlfield>
  <datafield tag="020" ind1=" " ind2=" ">
    <subfield code="a">9789586828765</subfield>
  </datafield>
  <datafield tag="050" ind1=" " ind2="4">
    <subfield code="a">HD60</subfield>
    <subfield code="b">S554 2013</subfield>
  </datafield>
  <datafield tag="082" ind1=" " ind2=" ">
    <subfield code="a">658.401</subfield>
    <subfield code="b">S37e</subfield>
  </datafield>
  <datafield tag="100" ind1="1" ind2=" ">
    <subfield code="a">Silva Duarte, Jorge Enrique</subfield>
    <subfield code="e"> autor</subfield>
  </datafield>
  <datafield tag="245" ind1="1" ind2="0">
    <subfield code="a">Emprendedor</subfield>
    <subfield code="b">: hacia un emprendimiento sostenible</subfield>
    <subfield code="c">/ Jorge Enrique Silva Duarte</subfield>
  </datafield>
  <datafield tag="250" ind1=" " ind2=" ">
    <subfield code="a">2a edici&#xF3;n</subfield>
  </datafield>
  <datafield tag="260" ind1="3" ind2=" ">
    <subfield code="a">M&#xE9;xico</subfield>
    <subfield code="b">: Alfaomega</subfield>
    <subfield code="c">, 2013</subfield>
  </datafield>
  <datafield tag="300" ind1=" " ind2=" ">
    <subfield code="a">235 p&#xE1;ginas</subfield>
    <subfield code="b">ilustraciones</subfield>
  </datafield>
  <datafield tag="504" ind1=" " ind2=" ">
    <subfield code="a">Incluye Bibliograf&#xED;a, P&#xE1;ginas WEB e &#xCD;ndice (pp. 231-235)</subfield>
  </datafield>
  <datafield tag="505" ind1="1" ind2=" ">
    <subfield code="a">Forjadores de empresa
&#xBF;Qu&#xE9; organizaci&#xF3;n crear?
Fundamentos claves de gesti&#xF3;n para nuevos emprendedores
El plan y modelo de negocio
</subfield>
  </datafield>
  <datafield tag="519" ind1=" " ind2=" ">
    <subfield code="a">Educaci&#xF3;n Mixta /</subfield>
    <subfield code="b">Criminal&#xED;stica / </subfield>
    <subfield code="c">Emprendedores (M03-1) /</subfield>
    <subfield code="d">(04 006097)</subfield>
  </datafield>
  <datafield tag="519" ind1=" " ind2=" ">
    <subfield code="a">Educaci&#xF3;n Mixta / </subfield>
    <subfield code="b">Criminal&#xED;stica / </subfield>
    <subfield code="c">Emprendedores (M05-1) /</subfield>
    <subfield code="d">(01 013847)</subfield>
  </datafield>
  <datafield tag="519" ind1=" " ind2=" ">
    <subfield code="a">Educaci&#xF3;n Mixta /</subfield>
    <subfield code="b">Contadur&#xED;a / </subfield>
    <subfield code="c">Emprendedores (M06-1) / </subfield>
    <subfield code="d">(18 003388)</subfield>
  </datafield>
  <datafield tag="519" ind1=" " ind2=" ">
    <subfield code="a">Plan Flexible / </subfield>
    <subfield code="b">Maestr&#xED;a en Administraci&#xF3;n de Negocios /  </subfield>
    <subfield code="c">Promoci&#xF3;n y Creaci&#xF3;n de Negocios (P09-3) / </subfield>
    <subfield code="d">(20 003504)</subfield>
  </datafield>
  <datafield tag="519" ind1=" " ind2=" ">
    <subfield code="a">Plan Flexible / </subfield>
    <subfield code="b">Maestr&#xED;a en Administraci&#xF3;n de Negocios /  </subfield>
    <subfield code="c">Promoci&#xF3;n y Creaci&#xF3;n de Negocios (P09-1) / </subfield>
    <subfield code="d">(17 002450 )</subfield>
  </datafield>
  <datafield tag="519" ind1=" " ind2=" ">
    <subfield code="a">Material Complementario /</subfield>
    <subfield code="d">(09 005079)</subfield>
  </datafield>
  <datafield tag="650" ind1="1" ind2="4">
    <subfield code="a">CAPACIDAD EMPRESARIAL</subfield>
  </datafield>
  <datafield tag="650" ind1=" " ind2="0">
    <subfield code="a">EMPRENDEDORES</subfield>
  </datafield>
  <datafield tag="942" ind1=" " ind2=" ">
    <subfield code="c">LB</subfield>
  </datafield>
</record>
